00250nam a22000977a 4500008004100000082001600041100000800057245006900065260000900134300000900143230704b xxu||||| |||| 00| 0 eng d a341.24bEAC cEAC aProceedings of the East African Legislative Assembly(EALA)b2005 c2005 a373p